000 00441nam a2200157 a 4500
005 20140412111232.0
008 010522s19uu xx 00 eng d
050 _aREF 919.8
_bL46 1980
100 _aLey, Willy
245 _aPoles (The) /
_cby Willy Ley and the Editors of Time-Life Books.
260 _a[s.l.] :
_bTime-Life Books,
_c1980.
300 _a192p. ; ill.
440 _aLife Nature Library
650 _aTitle
999 _c102247
_d102247